พลวัตการเลือกตั้งและประชาธิปไตยในอาเซียน = (Record no. 37491)

MARC details
000 -LEADER
fixed length control field 03457nam a22002417a 4500
003 - CONTROL NUMBER IDENTIFIER
control field TH-BaNU
005 - DATE AND TIME OF LATEST TRANSACTION
control field 20230330082138.0
008 - FIXED-LENGTH DATA ELEMENTS--GENERAL INFORMATION
fixed length control field 230330b2020 TH ||||| |||| 00| 0 tha d
020 ## - INTERNATIONAL STANDARD BOOK NUMBER
International Standard Book Number 9789740217091
040 ## - CATALOGING SOURCE
Original cataloging agency TH-BaNU
100 ## - MAIN ENTRY--PERSONAL NAME
Personal name ประจักษ์ ก้องกีรติ
245 ## - TITLE STATEMENT
Title พลวัตการเลือกตั้งและประชาธิปไตยในอาเซียน =
Remainder of title When We Vote
250 ## - EDITION STATEMENT
Edition statement พิมพ์ครั้งที่ 2
260 ## - PUBLICATION, DISTRIBUTION, ETC.
Place of publication, distribution, etc. กรุงเทพฯ:
Name of publisher, distributor, etc. มติชน:
Date of publication, distribution, etc. 2563
300 ## - PHYSICAL DESCRIPTION
Extent 336 หน้า
520 ## - SUMMARY, ETC.
Summary, etc. ขณะที่การเมืองการเลือกตั้งของไทยก้าวถอยหลังและชะงักงันเพราะการครองอำนาจของเผด็จการ การเมืองการเลือกตั้งในมาเลเซีย อินโดนีเซีย และฟิลิปปินส์ สามประเทศที่น่าจับตามองที่สุดในอุษาคเนย์ กลับเปลี่ยนแปลงอย่างสูงในเงื่อนไขที่ต่างกัน ราวกับจะยืนยันให้เห็นความเป็นไปได้ และคลื่นของความเปลี่ยนแปลงครั้งใหญ่ ที่ทำให้การเลือกตั้งมิได้หยุดนิ่งและถูกผูกขาดโดยชนชั้นนำกลุ่มเดิมจำนวนน้อยอีกต่อไป<br/>ร่วมวงสนทนากับแนวทางการศึกษาแบบสถาบันนิยม ทฤษฎีการสร้างประชาธิปไตย การเปลี่ยนผ่านไปสู่ประชาธิปไตย ตามเข้าไปสำรวจความเป็นจริงในพื้นที่ ฟังข้อมูลที่ได้จากการสัมภาษณ์ ยื่นหน้าไปดูตัวเลขสถิติ และกลับเข้าสู่การถกเถียงถึงโอกาส ความหวัง ความฝัน และความจริงจากการศึกษา เปรียบเทียบความเปลี่ยนแปลงเกี่ยวกับการเลือกตั้งในประเทศเพื่อนบ้าน ย้อนกลับมาเปรียบเทียบและทบทวนสถาณการณ์การเมืองการเลือกตั้งของไทย ประเทศซึ่งตั้งไข่และล้มลุกคลุกคลานมากว่า 88 ปี ในการสร้างกระบวนการเลือกตั้งที่มีคุณภาพและประชาธิปไตยที่ยั่งยืน
650 ## - SUBJECT ADDED ENTRY--TOPICAL TERM
Topical term or geographic name entry element การเลือกตั้ง
650 ## - SUBJECT ADDED ENTRY--TOPICAL TERM
Topical term or geographic name entry element ประชาธิปไตย
850 ## - HOLDING INSTITUTION
Holding institution Kuakarun Nursing Library
856 ## - ELECTRONIC LOCATION AND ACCESS
Uniform Resource Identifier <a href="https://se-ed.belibcloud.com/book-detail/18245">https://se-ed.belibcloud.com/book-detail/18245</a>
Link text se-ed e-library
942 ## - ADDED ENTRY ELEMENTS (KOHA)
Source of classification or shelving scheme Local Classification
Koha item type Electronic books
998 ## - STAFF NAME (NMU)
Cataloger ฺBee
Holdings
Withdrawn status Lost status Source of classification or shelving scheme Damaged status Not for loan Home library Current library Shelving location Date acquired Total Checkouts Barcode Date last seen Price effective from Koha item type
    Local Classification   Online Access Kuakarun Nursing Library Kuakarun Nursing Library Processing unit 30/03/2023   eb37491 30/03/2023 30/03/2023 Electronic books